000 00898nam a2200277Ia 4500
003 GCL
005 20240530101904.0
008 140319s9999 xx 000 0 ara d
040 _aGCL /
_cGCL
082 0 4 _a327.11
_bس هـ
100 1 _aسامى عصاصة
245 1 0 _aهل انتهت حرب الخليج :
_b دراسة جدلية فى تناقضات الازمة /
_cسامى عصاصة
250 _aط1
260 _aبيروت :
_bمكتبة بيسان ،
_c1994
300 _a609 ص ؛
_c24 سم
650 0 4 _aالكويت
650 0 4 _aالعالم العربى
650 0 4 _aالاحوال السياسية
650 0 4 _aالعراق
650 0 4 _aالولايات المتحدة الامريكية
650 0 4 _aالبترول
650 0 4 _aحرب الخليج
650 0 4 _aالحرب العراقية الايرانية
650 0 4 _aاوربا
942 _2ddc
_cBK
999 _c28490
_d28490